000 00192 a2200097 4500
001 13431
100 _aSmion, S.W
245 _a
260 _aNew York
_bE P datton co
_c
090 _c10444
_d10444
942 _aNUST-CAE
_cM
_c497
999 _c248504
_d248504